000
00307nam a2200133Ia 4500
008
191201s2006 xx 000 0 und d
100
_a
SCHILDT,Herbert
245
0
_a
Complete Reference C#2.0
250
_a
Rep
260
_a
N. Delhi
_b
TMH
_c
2006
300
_a
890
650
_a
B.Tech(CSE)
942
_2
ddc
_c
BK
999
_c
5578
_d
5578